Quick Pick: Norse Worlds Quiz Stats

 Plays Quiz Updated Aug 25, 2017

Score 0/9 Timer 01:30
1 Play Today
% Correct
Asgard
86.1%
Midgard
79.3%
Niflheim
70.3%
Jotunheim
70%
Svartalfheim
67%
Vanaheim
65.2%
Hel
64.6%
Alfheim
60.1%
Muspelheim
50.5%

Today's Daily Dose

Missing Word
Arizona A-Z

Word Ladder
Greek Letters II

Get the Picture
US National Parks

You're not logged in!

Compare scores with friends on all Sporcle quizzes.
OR
Log In

You Might Also Like...

Show Comments

Extras

Top Quizzes Today


Score Distribution

Your Account Isn't Verified!

In order to create a playlist on Sporcle, you need to verify the email address you used during registration. Go to your Sporcle Settings to finish the process.

Report this User

Report this user for behavior that violates our Community Guidelines.

Details: